Rehabilitation of the physically handicapped (Record no. 481593)

000 -LEADER
fixed length control field 00332cam a22001217a 4500
008 - FIXED-LENGTH DATA ELEMENTS--GENERAL INFORMATION
fixed length control field 180718b1994 xxu||||| |||| 00| 0 eng d
082 ## - DEWEY DECIMAL CLASSIFICATION NUMBER
Classification number Q6 l45
100 ## - MAIN ENTRY--PERSONAL NAME
Personal name Prasad, Lakshman
245 ## - TITLE STATEMENT
Title Rehabilitation of the physically handicapped
Statement of responsibility, etc. by Lakshman Prasad
260 ## - PUBLICATION, DISTRIBUTION, ETC.
Place of publication, distribution, etc. Delhi
Name of publisher, distributor, etc. Konark
Date of publication, distribution, etc. 1994
300 ## - PHYSICAL DESCRIPTION
Extent 291p.
650 ## - SUBJECT ADDED ENTRY--TOPICAL TERM
Topical term or geographic name entry element Handicapped
Holdings
Withdrawn status Lost status Damaged status Not for loan Permanent Location Current Location Date acquired Full call number Barcode Date last seen Price effective from Koha item type
        Indian Institute of Public Administration Indian Institute of Public Administration 2018-08-04 Q6 l45 GR14257 2018-08-04 2018-08-04 GR

Powered by Koha